| 000 | 00719nam a2200205 i 4500 | ||
|---|---|---|---|
| 001 | 182056 | ||
| 003 | ES-MaACL | ||
| 005 | 20250704062536.0 | ||
| 008 | 130528q18501899fr a | |||||||| ||fre d | ||
| 100 | 1 |
_aDumas, Alexandre, _d1802-1870 _eaut _9241135 |
|
| 245 | 1 | 5 |
_a[Les Médicis / _cpar Alexandre Dumas]. |
| 260 |
_a[S.l. : _bs.n., _cs.a.] ( _eParis : _fImpr. Simon Raçon et Cie.) |
||
| 300 |
_a64 p., [8] h. de lám. : _bil. ; _c28 cm. |
||
| 594 | _aTit. y autor tomados de pag.1. | ||
| 596 | _aImpreso probablmente segunda mitad del siglo XIX. | ||
| 597 | _aTexto a dos col. | ||
| 852 |
_aES-MaACL _jR-1716(3) _q.- Ejempl. sin portada en un vol. facticio |
||
| 942 | _2udc | ||
| 999 |
_c182056 _d182056 |
||